García Márquez o el olvidado arte de contar / (Record no. 76838)

MARC details
000 -LEADER
campo de control de longitud fija 00693nam a2200217 i 4500
001 - NÚMERO DE CONTROL
campo de control 76838
003 - IDENTIFICADOR DE NÚMERO DE CONTROL
campo de control ES-MaACL
005 - FECHA Y HORA DE LA ÚLTIMA TRANSACCIÓN
campo de control 20250902174538.0
007 - CAMPO FIJO DE DESCRIPCIÓN FÍSICA--INFORMACIÓN GENERAL
campo de control de longitud fija t|
008 - DATOS DE LONGITUD FIJA--INFORMACIÓN GENERAL
campo de control de longitud fija 041005s1970 sp |||| | spa d
100 1# - ENTRADA PRINCIPAL--NOMBRE DE PERSONA
Nombre de persona Gullón, Ricardo,
Fechas asociadas al nombre 1908-1991
9 (RLIN) 60938
245 10 - MENCIÓN DEL TÍTULO
Título García Márquez o el olvidado arte de contar /
Mención de responsabilidad, etc. Ricardo Gullón.
260 ## - PUBLICACIÓN, DISTRIBUCIÓN, ETC.
Lugar de publicación, distribución, etc. [Madrid] :
Nombre del editor, distribuidor, etc. Taurus,
Fecha de publicación, distribución, etc. [1970]
300 ## - DESCRIPCIÓN FÍSICA
Extensión 71 p. ;
Dimensiones 18 cm.
490 1# - MENCIÓN DE SERIE
Mención de serie Cuadernos Taurus ;
Designación de volumen o secuencia 93
600 14 - PUNTO DE ACCESO ADICIONAL DE MATERIA--NOMBRE DE PERSONA
Nombre de persona García Márquez, Gabriel,
Fechas asociadas al nombre 1927-2014-
Subdivisión general Crítica e interpretación
9 (RLIN) 54890
830 0# - PUNTO DE ACCESO ADICIONAL DE SERIE-TÍTULO UNIFORME
Título uniforme Cuadernos Taurus ;
Designación de volumen o secuencia 93
9 (RLIN) 180748
852 ## - LOCALIZACIÓN
Ubicación ES-MaACL
Número de control de estantería C-48195
852 ## - LOCALIZACIÓN
Ubicación ES-MaACL
Número de control de estantería C-45352
Holdings
Estatus retirado Estado de pérdida Estado de daño No para préstamo Biblioteca de origen Biblioteca actual Ubicación en estantería Fecha de adquisición Fuente de adquisición Total de préstamos Signatura topográfica completa Código de barras Visto por última vez Precio de reemplazo Tipo de ítem Koha
        Biblioteca del Ateneo de Madrid Biblioteca del Ateneo de Madrid Depósito 2 17/01/2008     C-45352 1080402 23/02/2023 23/02/2023 Libro impreso
        Biblioteca del Ateneo de Madrid Biblioteca del Ateneo de Madrid Depósito 2 17/01/2008     C-48195 1080401 23/02/2023 23/02/2023 Libro impreso